| 000 | 00513nam a22001337a 4500 | ||
|---|---|---|---|
| 082 |
_a340 _bSAE |
||
| 100 | _aSaeed, Muhammad Zaighum | ||
| 245 |
_aAI-Generated Inventions Patentability and The Transformation of International Patent Law: _bChallenges, Opportunities, and Global Implications / _cMuhammad Zaighum Saeed |
||
| 260 |
_aIslamabad : _bNUST Law School, _c2025. |
||
| 300 |
_a57 p. ; _c30 CM. |
||
| 563 | _aHBK. | ||
| 856 | _uhttp://10.250.8.41:8080/xmlui/handle/123456789/56177 | ||
| 942 |
_2ddc _cPR |
||
| 999 |
_c615616 _d615616 |
||